| 000 | 00440nam a2200181Ia 4500 | ||
|---|---|---|---|
| 001 | 43083 | ||
| 008 | 140425s9999 xx 000 0 und d | ||
| 020 | _aNA | ||
| 040 | _cPK-LaUMT | ||
| 082 |
_aRHC 297.09 _bABU-K |
||
| 100 | _aAbu Fathah Muhammad | ||
| 245 |
_aKitaabul milal wannahal (Urdu) _cAbu Fathah Muhammad |
||
| 260 |
_aKarachi,Pakistan: _bQartas, _c2003 |
||
| 300 | _a377 p. | ||
| 546 | _aUR | ||
| 650 | _aIslam | ||
| 942 | _cBK | ||
| 999 |
_c41094 _d41094 |
||